Jake Drake, bully buster / (Record no. 2483)

MARC details
000 -LEADER
fixed length control field 01102cam a2200301 a 4500
005 - DATE AND TIME OF LATEST TRANSACTION
control field 20231212144147.0
020 ## - INTERNATIONAL STANDARD BOOK NUMBER
International Standard Book Number 0689839170
020 ## - INTERNATIONAL STANDARD BOOK NUMBER
International Standard Book Number 9780545078986
040 ## - CATALOGING SOURCE
Original cataloging agency APR
Transcribing agency APR
Modifying agency LEO
-- DLC
050 00 - LIBRARY OF CONGRESS CALL NUMBER
Classification number PZ7.C59118
Item number Jaj 2001
082 00 - DEWEY DECIMAL CLASSIFICATION NUMBER
Classification number 813
Edition number 22
100 1# - MAIN ENTRY--PERSONAL NAME
Personal name Clements, Andrew
Dates associated with a name 1949-2019
Relator term author
245 10 - TITLE STATEMENT
Title Jake Drake, bully buster /
Statement of responsibility, etc. Andrew Clements ; cover illustration by Maria Frazee; interior illustrations by Jy Pedersen
250 ## - EDITION STATEMENT
Edition statement First Scholastic printing, September 2008
260 ## - PUBLICATION, DISTRIBUTION, ETC.
Place of publication, distribution, etc. New York :
Name of publisher, distributor, etc. Scholastic,
Date of publication, distribution, etc. 2001
300 ## - PHYSICAL DESCRIPTION
Extent 73 pages :
Other physical details illustrations ;
Dimensions 22 cm
505 ## - FORMATTED CONTENTS NOTE
Formatted contents note M
520 ## - SUMMARY, ETC.
Summary, etc. Fourth-grader Jake Drake relates how he comes to terms with SuperBully Link Baxter, especially after they are assigned to be partners on a class project.
521 ## - TARGET AUDIENCE NOTE
Target audience note 630
Source Lexile
521 ## - TARGET AUDIENCE NOTE
Target audience note M
Source Raz-Plus
650 #1 - SUBJECT ADDED ENTRY--TOPICAL TERM
Topical term or geographic name entry element Bullies and bullying
Form subdivision Fiction.
650 #1 - SUBJECT ADDED ENTRY--TOPICAL TERM
Topical term or geographic name entry element Interpersonal relations
Form subdivision Fiction.
650 #1 - SUBJECT ADDED ENTRY--TOPICAL TERM
Topical term or geographic name entry element Schools
Form subdivision Fiction.
700 1# - ADDED ENTRY--PERSONAL NAME
Personal name Pedersen, Janet
Relator term illustrator
906 ## - LOCAL DATA ELEMENT F, LDF (RLIN)
a 7
b cbc
c copycat
d 2
e ncip
f 20
g y-gencatlg
942 ## - ADDED ENTRY ELEMENTS (KOHA)
Source of classification or shelving scheme Dewey Decimal Classification
Koha item type Books
Suppress in OPAC No
999 ## -
-- 2483
-- 2483
Holdings
Withdrawn status Lost status Source of classification or shelving scheme Damaged status Not for loan Collection Home library Current library Shelving location Date acquired Total Checkouts Full call number Barcode Date last seen Date last checked out Price effective from Koha item type
    Dewey Decimal Classification     Juvenile Fiction Footprints International School Library Network Toul Kork Campus Footprints International School Library Network Toul Kork Campus   12/12/2023 5 CLE 813 PZ7.C59118 FISBK00590 04/24/2025 09/04/2024 12/12/2023 Books